Záznamy pre daňové účely a analytická evidencia účtu 343 - Daň z pridanej hodnoty
Výklad evidencie k účtu 343 - Dane z pridanej hodnoty. Povinnosť platiteľa DPH. Vedenie záznamov pre daňové účely. Účtovné prípady na účte 343. Schematické znázornenie účtovných prípadov. Rekapitulácia podľa jednotlivých analytických účtov k účtu 343. Výkaz "Analytická evidencia k účtu 343". Účtovné...
Guardado en:
| Autor principal: | |
|---|---|
| Formato: | Capítulo de libro |
| Lenguaje: | eslovaco |
| Materias: | |
| Etiquetas: |
Sin Etiquetas, Sea el primero en etiquetar este registro!
|
MARC
| LEADER | 00000naa a2200000 4500 | ||
|---|---|---|---|
| 001 | r023145 | ||
| 005 | 20230912111518.1 | ||
| 041 | 0 | |a slo | |
| 044 | |a SK | ||
| 245 | 1 | 0 | |a Záznamy pre daňové účely a analytická evidencia účtu |b 343 - Daň z pridanej hodnoty |c J. Dóša |
| 520 | |a Výklad evidencie k účtu 343 - Dane z pridanej hodnoty. Povinnosť platiteľa DPH. Vedenie záznamov pre daňové účely. Účtovné prípady na účte 343. Schematické znázornenie účtovných prípadov. Rekapitulácia podľa jednotlivých analytických účtov k účtu 343. Výkaz "Analytická evidencia k účtu 343". Účtovné prípady na analytických účtoch. Účtovné prípady pri zostavení daňového priznania. | ||
| 610 | 2 | 0 | |a dane z hodnoty pridanej |
| 610 | 2 | 0 | |a evidencia účtovná |
| 610 | 2 | 0 | |a účty |
| 610 | 2 | 0 | |a postupy účtovné |
| 610 | 2 | 0 | |a prípady účtovné |
| 610 | 2 | 0 | |a priznania daňové |
| 100 | 1 | |a Dóša, J. | |